[Event "IECC M email"]
[Site "IECC email"]
[Date "2001.09.17"]
[Round "?"]
[White "Briliant, Alan"]
[Black "Collins, Thomas Jr"]
[Result "0-1"]
[WhiteElo "1386"]
[BlackElo "1454"]
[PlyCount "64"]
[EventDate "2001.??.??"]
[EventType "tourn (corr)"]
[EventRounds "6"]
[SourceTitle "Corr 2008"]
[Source "ChessBase"]
[SourceDate "2008.06.24"]
[SourceVersion "1"]
[SourceVersionDate "2008.06.24"]
[SourceQuality "1"]

1. e3 e5 2. d3 d5 3. c3 Nf6 4. Be2 Nc6 5. Nd2 a6 6. Nf1 Bd6 7. Bd2 0-0 8. g4 Be6 9. g5 Nd7 10. h4 f6 11. Bg4 Bxg4 12. Qxg4 Nc5 13. Ke2 e4 14. d4 f5 15. Qg2 Nd3 16. f4 Qe8 17. Ng3 Nxb2 18. Nh3 Na5 19. Kf2 Qa4 20. Kg1 Nb3 21. g6 Nxa1 22. gxh7+ Kh8 23. Ng5 Nc4 24. Kh2 Nc2 25. Qe2 Qxa2 26. Kh3 N2xe3 27. Qh5 Qxd2 28. Rh2 Qxc3 29. Nf7+ Rxf7 30. Qxf7 Bxf4 31. h5 Ng4 32. Rg2 Nf2+ 0-1

[Event "IECC M email"]
[Site "IECC email"]
[Date "2001.09.17"]
[Round "?"]
[White "Collins, Thomas Jr"]
[Black "Briliant, Alan"]
[Result "1-0"]
[WhiteElo "1440"]
[BlackElo "1400"]
[PlyCount "45"]
[EventDate "2001.??.??"]
[EventType "tourn (corr)"]
[EventRounds "6"]
[SourceTitle "Corr 2008"]
[Source "ChessBase"]
[SourceDate "2008.06.24"]
[SourceVersion "1"]
[SourceVersionDate "2008.06.24"]
[SourceQuality "1"]

1. e4 e6 2. d4 d6 3. Nf3 Be7 4. Bb5+ c6 5. Bd3 Nd7 6. 0-0 Nf8 7. e5 d5 8. c3 g5 9. Ne1 h5 10. f4 g4 11. g3 f5 12. exf6 Nxf6 13. Ng2 Bd6 14. Qe2 Bd7 15. f5 Qe7 16. fxe6 Bxe6 17. Bg5 N8d7 18. Re1 Nf8 19. Nf4 Bxf4 20. gxf4 g3 21. h4 0-0-0 22. Qe5 Ng4 23. Qxh8 1-0